01028nam a2200241 a 450000100100000000500170001000800410002702000180006804000250008608200200011110000260013124500550015726000360021230000210024859000280026965000290029765000310032691000370035795201330039495201180052795201240064599900170076900004038220240412074300.0130823s2013 dr 000 j spa d a9789945007688 aDO-SdBNPbspacBNPHU aRD863.44bR466c1 aReynoso, Menoscal94110aConversaciones con extraños /cMenoscal Reynoso. aSanto Domingo :bBúho,c2013. a169 p. ;c22 cm. aInventariado, 2020 / DG 0aCuentos dominicanos9176 0aLiteratura dominicana.967 aValidado. Control de calidad MFF 001054708DSaGRbGRcHDd2013-09-12iLF1l0oRD863.44 R466cp40382-30r2020-06-25te. 3w2020-06-25yLFDSZPréstamo en sala 0010718PDaPDbPDcHDd2013-08-23iLF1l0oRD863.44 R466cp40382-10r2020-06-25w2020-06-25yLFPDZNo se presta 0010718PDaPDbPDcHDd2013-08-23iLF1l0oRD863.44 R466cp40382-20r2020-06-25te. 2w2020-06-25yLFPDZNo se presta c39872d39872